Manual de prevenció i control de la càries dental
Publicado:
Barcelona :
Secretaria General Tècnica del Departament de Sanitat i Seguretat Social ,
1982
Descripción Física:
67 p. ; 21 cm
Colección:
Quaderns de salut ; 7
Otros Autores:
Catalunya. Direcció General de Promoció de la Salut
MARC
| LEADER | 00000nam a2200000Ia 4500 | ||
|---|---|---|---|
| 001 | 1393 | ||
| 008 | 160829s1982 xx 000 0 cat d | ||
| 080 | |a C-1-327 | ||
| 245 | |a Manual de prevenció i control de la càries dental | ||
| 260 | |a Barcelona: |b Secretaria General Tècnica del Departament de Sanitat i Seguretat Social, |c 1982 | ||
| 300 | |a 67 p. ; |c 21 cm | ||
| 490 | |a Quaderns de salut ; 7 | ||
| 590 | |a A la part superior de la portada, Generalitat de Catalunya. Departament de Sanitat i Seguretat Social. Direcció General de Promoció de la Salut. | ||
| 650 | |a Dents |x Cura i higiene |9 30892 | ||
| 650 | |a Càries dental |9 30893 | ||
| 700 | |a Catalunya. Direcció General de Promoció de la Salut |9 36966 | ||
| 901 | |a Arxiu | ||
| 942 | |n 1 | ||
| 952 | |0 0 |1 0 |4 0 |6 C1327 |7 1 |9 45560 |a Arxiu |b Arxiu |d 2016-12-01 |l 0 |o C-1-327 |p 1393 |r 2016-12-01 00:00:00 |w 2016-12-01 |y ARXIU | ||
| 999 | |c 48728 |d 48728 | ||